[Event "Olympiad Women 2024"]
[Site "Budapest HUN"]
[Date "2024.09.20"]
[Round "9.65"]
[Board "3"]
[White "Pourier, Dianthely"]
[Black "Sabreen Oraby"]
[Result "0-1"]
[WhiteElo "1548"]
[BlackElo "1812"]
[PlyCount "78"]
[EventDate "2024.09.11"]
[WhiteTeam "Netherlands Antilles"]
[BlackTeam "Sudan"]
[WhiteTeamCountry "AHO"]
[BlackTeamCountry "SUD"]

1. d4 Nf6 2. Nf3 g6 3. Bf4 Bg7 4. e3 d6 5. Bg3 ({RR} 5. c3 Nh5 6. Bg5 h6 7. Bh4 g5 8. Nfd2 Nf6 9. Bg3 e6 10. Bd3 Nc6 11. Na3 Qe7 12. e4 Bd7 13. Qe2 O-O-O 14. O-O-O Nh7 15. Nac4 Nf8 16. e5 d5 17. Ne3 Ng6 18. Nb3 Nb8 19. Kb1 h5 {1-0 Deviatkin,A (2521)-Smirnov,A (2405) St Petersburg Viking 2005 (10)}) 5... O-O 6. c3 Nh5 7. a4 $146 ({RR} 7. Nbd2 Nxg3 8. hxg3 e5 9. dxe5 dxe5 10. Qc2 Qe7 11. Bc4 c6 12. O-O-O b5 13. Bb3 a5 14. a4 Na6 15. axb5 cxb5 16. Qe4 Bb7 17. Qg4 a4 18. Rxh7 axb3 19. Rdh1 Bc8 20. Qe4 Bf5 21. Qd5 Nc7 {0-1 Bolon,K (2058)-Diaz,F (2174) FRA-chT2 South 0809 2008 (8.5)}) ({RR} 7. Be2 Nxg3 8. hxg3 c5 9. Qb3 Qb6 10. Qxb6 axb6 11. Nbd2 Bd7 12. Nc4 Ra6 13. Na3 Ra7 14. Nb5 Bxb5 15. Bxb5 d5 16. Be2 Nc6 17. O-O Rd8 18. Rfd1 Raa8 19. Nd2 e5 20. dxe5 Nxe5 21. Nf3 Nc6 {½-½ Papp,A (1579)-Horvath,A (1757) Budapest Art Pub Cup 8th 2015 (6)}) ({RR} 7. Be2 Nd7 8. O-O Nxg3 9. hxg3 e5 10. dxe5 Nxe5 11. Qc2 Bf5 12. e4 Be6 13. Nbd2 Bg4 14. Rfe1 Qd7 15. Rad1 Kh8 16. Nxe5 Bxe5 17. Nc4 Bxe2 18. Rxe2 Rae8 19. Nxe5 Rxe5 20. c4 f5 21. Qc3 Qg7 {½-½ Griessenberger,M (1794)-Gleis,W (1581) Nittenau-ch op 15th 2015 (3)}) 7... e5 8. Be2 Nxg3 9. hxg3 Bg4 10. Nbd2 Re8 11. Qc2 exd4 12. cxd4 Nc6 13. Rh4 Bf5 14. Qb3 g5 15. Rh5 Bg4 16. Rxg5 Bxf3 17. Nxf3 Qe7 18. Qc2 Nb4 19. Qf5 Qe4 20. Qxe4 Rxe4 21. Rc1 c6 22. Nd2 Re7 23. Bf3 Nd3+ 24. Kd1 Nxc1 25. Kxc1 h6 26. Rg4 Rc8 27. Nc4 Rd8 28. b4 Kh7 29. d5 b5 30. axb5 cxb5 31. Na5 Re5 32. Kd2 Rg5 33. Rh4 Rd7 34. Be4+ Kg8 35. Bd3 Rxd5 36. e4 Rg5 37. Bxb5 Rxb5 38. Ke3 Rxb4 39. Rg4 Rc7 0-1

[Event "Olympiad Women 2024"]
[Site "Budapest HUN"]
[Date "2024.09.20"]
[Round "9.65"]
[Board "4"]
[White "Rawan Mansor"]
[Black "Pieter, Liana"]
[Result "1-0"]
[WhiteElo "1717"]
[BlackElo "1619"]
[PlyCount "101"]
[EventDate "2024.09.11"]
[WhiteTeam "Sudan"]
[BlackTeam "Netherlands Antilles"]
[WhiteTeamCountry "SUD"]
[BlackTeamCountry "AHO"]

1. d4 d5 2. Bf4 Bf5 3. e3 e6 4. c3 Nf6 5. Nf3 Bd6 6. Bg3 Nc6 7. Bd3 Bg6 8. Qc2 Bxd3 9. Qxd3 Ne4 $146 ({RR} 9... O-O 10. Nbd2 h6 11. O-O-O b6 12. Ne5 Bxe5 13. dxe5 Nd7 14. f4 a5 15. Kb1 a4 16. Nf3 a3 17. b3 Nc5 18. Qc2 Qb8 19. b4 Ne4 20. Ka1 Ne7 21. Bh4 Re8 22. g4 c5 23. g5 Nf5 24. Rhg1 {0-1 Perisic,N-Curovic,D EU-ch Amateur 1700 2018 (4)}) ({RR} 9... O-O 10. Nbd2 Qe7 11. Ne5 Bxe5 12. Bxe5 Nxe5 13. dxe5 Nd7 14. f4 Nb6 15. O-O-O Rfd8 16. g4 Qc5 17. h4 Nc4 18. Rde1 a5 19. h5 a4 20. a3 Qb5 21. Qb1 Ra6 22. g5 Rb6 23. Nxc4 dxc4 24. g6 {0-1 Christensen,C-Molvig,J Politiken Cup 28th 2006 (8)}) 10. Nbd2 f5 11. Bxd6 Qxd6 12. h3 a6 13. O-O-O O-O-O 14. Rdf1 h5 15. Rhg1 h4 16. Qc2 Qe7 17. Nxe4 fxe4 18. Nh2 e5 19. Ng4 exd4 20. exd4 Rde8 21. Re1 Qg5+ 22. Kb1 Rhf8 23. Re2 Re7 24. Rge1 Rfe8 25. Qc1 Qf5 26. Qc2 Qf4 27. Qd2 g5 28. Re3 b5 29. Qc2 Kd8 30. Qb3 Qd6 31. a4 Na5 32. Qa2 bxa4 33. Qxa4 Nc4 34. R3e2 Re6 35. b3 Qb6 36. Kc2 Na5 37. Ra1 Nb7 38. Ne5 R8e7 39. Kc1 c5 40. Rea2 cxd4 41. cxd4 Rc7+ 42. Rc2 Rxc2+ 43. Kxc2 Rxe5 44. dxe5 Qxf2+ 45. Kc3 Qe3+ 46. Kb2 Qf2+ 47. Ka3 Qc5+ 48. Qb4 Qa5+ 49. Qxa5+ Nxa5 50. Kb4 Nc6+ 51. Kc5 1-0

[Event "Olympiad Women 2024"]
[Site "Budapest HUN"]
[Date "2024.09.20"]
[Round "9.66"]
[Board "1"]
[White "Callender, Jessica"]
[Black "Vilhete, Vania Fausto Da T."]
[Result "0-1"]
[WhiteElo "1579"]
[BlackElo "1877"]
[PlyCount "68"]
[EventDate "2024.09.11"]
[WhiteTeam "Guyana"]
[BlackTeam "Mozambique"]
[WhiteTeamCountry "GUY"]
[BlackTeamCountry "MOZ"]

1. Nf3 d5 2. g3 Nf6 3. d3 e6 4. Bg2 Be7 5. O-O O-O 6. Nbd2 c5 7. e4 Nc6 8. e5 Nd7 9. Re1 Qc7 10. Qe2 b6 11. Nf1 Ba6 12. h4 Rac8 ({RR} 12... c4 13. d4 Nb4 14. c3 Nd3 15. Rd1 b5 16. a3 Bb7 17. Bg5 Nb6 18. N1h2 h6 19. Bxe7 Qxe7 20. h5 a5 21. Ng4 b4 22. Qd2 Na4 23. Rdb1 Bc6 24. axb4 axb4 25. cxb4 Qxb4 26. Qe3 Qe7 27. b3 {0-1 Sariteanu,S (1847)-Visanescu,D (2135) ROM-ch Rapid (Women) 2022 (7)}) 13. N1h2 ({RR} 13. c3 Rfd8 14. h5 h6 15. Bf4 d4 16. c4 b5 17. b3 Nb6 18. a4 bxa4 19. bxa4 Nb4 20. a5 Nxc4 21. dxc4 d3 22. Qd2 Bxc4 23. Bxh6 gxh6 24. Qxh6 Bd5 25. N1d2 Bf8 26. Qg5+ Kh8 27. Qf6+ Bg7 {1-0 Bodnaruk,A (2414)-Aulia,M (2218) Wch U20 Girls 30th 2012 (9)}) 13... Nd4 14. Qd1 Rfe8 $146 ({RR} 14... Nf5 15. Bf4 h6 16. h5 Qd8 17. Qd2 Kh7 18. g4 Nh4 19. Nxh4 Bxh4 20. Nf3 Be7 21. g5 Rg8 22. gxh6 gxh6 23. Bxh6 Bb7 24. Qf4 d4 25. Kh1 Qe8 26. Ng5+ Bxg5 27. Bxg5 Bxg2+ 28. Kxg2 Qe7 29. Qe4+ {½-½ Kan,T (1892)-Crow,S (1847) BCF-chT3 1920 (4NCL) online 2020 (7.74)}) ({RR} 14... Nxf3+ 15. Nxf3 d4 16. h5 Rfd8 17. h6 g6 18. Bg5 Bxg5 19. Nxg5 Nb8 20. Qf3 Qe7 21. Qf4 c4 22. dxc4 Rxc4 23. Be4 Rb4 24. b3 Nd7 25. a3 Rb5 26. Bd3 Ra5 27. Bxa6 Rxa6 28. b4 Ra4 29. Nf3 {1-0 Karimi,Y (1899)-Ghazizadeh,A (1807) Qazvin op (Women) 18th 2015 (10)}) ({RR} 14... Nf5 15. Bf4 d4 16. Bh3 g6 17. Ng4 Bb7 18. Ng5 Qc6 19. Kh2 h5 20. Nf6+ Bxf6 21. exf6 Nxf6 22. Rg1 Nh6 23. f3 Nf5 24. Ne4 Nd5 25. Bg5 Nfe3 26. Qe2 c4 27. Rac1 cxd3 28. Qxd3 Qc4 29. Qd2 {0-1 Kuci,B-Strobel,A Verbandsliga Nord Baden 0001 2000 (6.7)}) 15. Bg5 Nxe5 16. Bf4 Nexf3+ 17. Bxf3 Nxf3+ 18. Nxf3 Bd6 19. Bxd6 Qxd6 20. Kg2 Bb7 21. d4 cxd4 22. Nxd4 a6 23. c3 e5 24. Nf5 Qf6 25. Qg4 g6 26. Nh6+ Kg7 27. Qg5 d4+ 28. Kh3 Qxf2 29. Rg1 f6 30. Ng4 fxg5 31. Nxf2 gxh4 32. cxd4 hxg3 33. Rxg3 exd4 34. Rd1 Rc2 0-1

[Event "Olympiad Women 2024"]
[Site "Budapest HUN"]
[Date "2024.09.20"]
[Round "9.66"]
[Board "2"]
[White "Efentakis, Katina"]
[Black "Shariff, Sasha Christina"]
[Result "1/2-1/2"]
[WhiteElo "1650"]
[BlackElo "1538"]
[PlyCount "134"]
[EventDate "2024.09.11"]
[WhiteTeam "Mozambique"]
[BlackTeam "Guyana"]
[WhiteTeamCountry "MOZ"]
[BlackTeamCountry "GUY"]

1. e4 e5 2. Bc4 Nf6 3. d3 Be7 4. Nf3 Nc6 5. c3 h6 6. O-O O-O 7. Nbd2 d6 8. Bb3 Be6 9. Bc2 d5 ({RR} 9... Re8 10. d4 exd4 11. cxd4 Bg4 12. Nb3 a5 13. Be3 a4 14. Nbd2 a3 15. bxa3 Rxa3 16. Qb1 d5 17. e5 Ne4 18. Nxe4 dxe4 19. Bxe4 Bxf3 20. Bxf3 Nxd4 21. Bxb7 Bc5 22. Qe4 Ne2+ 23. Kh1 Bxe3 24. fxe3 {1-0 Abdusattorov,N (2762)-Pranav,V (2598) FIDE World Rapid Team 2024 (3.4)}) ({RR} 9... Bg4 10. Re1 Nd7 11. h3 Bh5 12. Nf1 Bg5 13. g4 Bxc1 14. Rxc1 Bg6 15. Ng3 Qf6 16. b4 a5 17. b5 Nd8 18. d4 Ne6 19. Nf5 Rfe8 20. Kh2 Bxf5 21. exf5 Ng5 22. Nxg5 hxg5 23. Be4 Rab8 24. Kg2 {½-½ Swierczewski,M (2059)-Messa,R (2262) World Senior Teams +65 2024 (5.2)}) 10. exd5 Bxd5 $146 ({RR} 10... Nxd5 11. Nc4 e4 12. Nfe5 Nxe5 13. Nxe5 exd3 14. Bxd3 c6 15. Re1 Bd6 16. f4 Bc5+ 17. Kh1 Qh4 18. Nf3 Qh5 19. Re5 Qg4 20. Qe1 Bd6 21. h3 Qxf3 22. gxf3 Bxe5 23. fxe5 Rfe8 24. Qg3 Kh8 25. Qh4 {1-0 Easan,A (1861)-Laihonen,H (1509) Nordic-ch U15 2017 (6)}) ({RR} 10... Nxd5 11. Re1 Nf4 12. Nf1 Bd6 13. Ng3 Bg4 14. h3 Bxf3 15. Qxf3 f5 16. Bxf4 exf4 17. Nf1 Qg5 18. d4 Ne7 19. Nd2 Kh8 20. Qd3 Ng6 21. Nf3 Qh5 22. Bd1 Nh4 23. Ne5 Qg5 24. Bf3 Bxe5 25. Rxe5 {1-0 Varacalli,F (2326)-Nascimbene,R (1625) Villa Constitucion op 2018 (1)}) 11. Re1 Bd6 12. Nf1 Re8 13. Ng3 Qd7 14. h3 Re7 15. Be3 e4 16. Nxe4 Nxe4 17. dxe4 Bxe4 18. Bxe4 Rxe4 19. Nd2 Re7 20. Nc4 Rd8 21. Qc2 Qe6 22. Nxd6 cxd6 23. Qd2 Qd7 24. Rad1 b6 25. Bf4 Rxe1+ 26. Qxe1 Re8 27. Qd2 Qe6 28. b3 d5 29. Be3 Ne7 30. Re1 Nf5 31. Kf1 Qe4 32. Bf4 Qxe1+ 33. Qxe1 Rxe1+ 34. Kxe1 Nh4 35. Bg3 Nf5 36. Kd2 Kf8 37. Bb8 a6 38. a4 b5 39. axb5 axb5 40. g4 Ne7 41. Bd6 Ke8 42. Bxe7 Kxe7 43. Ke3 Ke6 44. Kd4 Kd6 45. h4 g5 46. hxg5 hxg5 47. f3 f6 48. Kd3 Ke6 49. Kd4 Kd6 50. b4 Kc6 51. Ke3 Kd6 52. f4 Ke6 53. fxg5 fxg5 54. Kf3 Kf6 55. Ke2 Ke6 56. Kd3 Kd7 57. Ke3 Ke6 58. Kd3 Kd7 59. Kd2 Ke6 60. Kd3 Kd7 61. Ke3 Ke6 62. Kd3 Kd7 63. Ke3 Ke6 64. Kd2 Kd7 65. Ke3 Ke6 66. Kd4 Kd6 67. Kd3 Ke6 1/2-1/2

[Event "Olympiad Women 2024"]
[Site "Budapest HUN"]
[Date "2024.09.20"]
[Round "9.66"]
[Board "3"]
[White "Clement, Ciel Desiree"]
[Black "Castro, Neusa Aridas De"]
[Result "0-1"]
[WhiteElo "1460"]
[BlackElo "1684"]
[PlyCount "118"]
[EventDate "2024.09.11"]
[WhiteTeam "Guyana"]
[BlackTeam "Mozambique"]
[WhiteTeamCountry "GUY"]
[BlackTeamCountry "MOZ"]

1. e4 e6 2. d4 d5 3. Bd3 Ne7 ({RR} 3... Bd6 4. Nf3 Nf6 5. O-O O-O 6. h3 h6 7. Re1 Re8 {½-½ Kontic,V (2370)-Vukovic,Z (2425) YUG-ch sf Kladovo 1990 (4)}) 4. Nf3 Ng6 5. exd5 $146 ({RR} 5. O-O dxe4 6. Bxe4 Nd7 7. c4 Nf6 8. Bg5 Be7 9. Bc2 b6 10. Nc3 Bb7 11. Ba4+ Nd7 12. Bxe7 Nxe7 13. Ne5 c6 14. Ne4 Nxe5 15. dxe5 O-O 16. Qh5 Ng6 17. Ng5 h6 18. Nxe6 fxe6 19. Qxg6 Qe7 {1-0 Boron,A (1942)-Anderson,G (1503) Winnipeg TNT June op 2004 (2)}) ({RR} 5. a3 c5 6. c3 Nc6 7. Be3 cxd4 8. cxd4 Be7 9. e5 Bd7 10. Nc3 a6 11. Qd2 Rc8 12. g3 Na5 13. Qc2 Qb6 14. b4 Nc4 15. Bg5 Bxg5 16. Nxg5 Qxd4 17. Nf3 Qg4 18. Be2 Qf5 19. Qb3 Ngxe5 {0-1 Upton,W (1454)-Madden,J (1555) 4NCL Hull Online op U1700 1st 2020 (3)}) 5... exd5 6. O-O Be7 7. Re1 O-O 8. h3 Nd7 9. Nc3 Nf6 10. Be3 c6 11. a3 Qc7 12. Qd2 Bd6 13. Re2 Be6 14. Rae1 Nf4 15. Bxf4 Bxf4 16. Qd1 Rfe8 17. Na2 Rad8 18. c3 Qd7 19. Ne5 Qc8 20. h4 Rf8 21. Bc2 g6 22. Nc1 Qc7 23. Ncd3 Bh6 24. f4 Ne4 25. Re3 f6 26. Ng4 Bxf4 27. Nxf4 Qxf4 28. Bxe4 Bxg4 29. Bf3 Bxf3 30. Rxf3 Qxh4 31. Re7 Rf7 32. Re6 Qg4 33. Qe2 Rdf8 34. Re7 Qc8 35. Re6 f5 36. Rfe3 f4 37. R3e5 f3 38. gxf3 Rxf3 39. Qxf3 Rxf3 40. Re8+ Qxe8 41. Rxe8+ Kg7 42. Rb8 Rf7 43. Kg2 Kh6 44. Re8 Kg5 45. Kg3 h5 46. Re3 a6 47. Kh3 Kh6 48. Kh4 g5+ 49. Kg3 h4+ 50. Kh3 Kh5 51. Re5 a5 52. a4 Rf2 53. b4 Rf3+ 54. Kg2 Rxc3 55. b5 Kg4 56. bxc6 bxc6 57. Re2 Rc4 58. Ra2 Rxd4 59. Ra3 c5 0-1

[Event "Olympiad Women 2024"]
[Site "Budapest HUN"]
[Date "2024.09.20"]
[Round "9.66"]
[Board "4"]
[White "Sandramo, Chineva Rufino"]
[Black "Archibald, Treskole"]
[Result "1-0"]
[WhiteElo "1524"]
[BlackElo "1444"]
[PlyCount "109"]
[EventDate "2024.09.11"]
[WhiteTeam "Mozambique"]
[BlackTeam "Guyana"]
[WhiteTeamCountry "MOZ"]
[BlackTeamCountry "GUY"]

1. e4 e5 2. Nf3 Nc6 3. Bc4 Be7 4. c3 d6 5. d3 Nf6 6. Nbd2 h6 ({RR} 6... O-O 7. Bb3 Na5 8. Bc2 c5 9. Nf1 Nc6 10. Ng3 h6 11. O-O Be6 12. h3 Rc8 13. Qe2 Re8 14. Nh2 d5 15. f4 c4 16. f5 cxd3 17. Bxd3 dxe4 18. Nxe4 Bd5 19. Ng4 Nxe4 20. Bxe4 Bxe4 21. Qxe4 {½-½ Mezentsev,V (2398)-Becerra Rivero,J (2568) North American op 17th 2007 (5)}) 7. Nf1 a6 8. Bb3 $146 ({RR} 8. Ng3 Na5 9. Qa4+ c6 10. Bxf7+ Kxf7 11. b4 b5 12. Qxa5 Qxa5 13. bxa5 Bd8 14. Ba3 Bxa5 15. Bb4 Bxb4 16. cxb4 a5 17. bxa5 Rxa5 18. O-O c5 19. Rfb1 Be6 20. Ne2 Rha8 21. Nc1 Bxa2 22. Rb2 Be6 {0-1 Asish Panda (1903)-Ernst,L (2185) Titled Tue 27th Aug Early 2024 (3)}) 8... Be6 9. Bc2 d5 10. Ng3 Qd7 11. Be3 d4 12. Bd2 O-O 13. O-O Rad8 14. h3 Rfe8 15. Qc1 Bf8 16. Re1 Nh7 17. Nh4 Ne7 18. Kh2 Qc6 19. c4 Bd7 20. Nhf5 Nxf5 21. Nxf5 Qg6 22. Ng3 h5 23. Bd1 h4 24. Nf1 f5 25. Bf3 f4 26. Qd1 Qg5 27. Kh1 Nf6 28. Nh2 Qh6 29. Ng4 Nxg4 30. Bxg4 Re7 31. Bb4 Rf7 32. Bxf8 Rdxf8 33. Bxd7 Rxd7 34. b4 Rf6 35. Qg4 Rdf7 36. f3 Kh7 37. a4 c6 38. Rab1 Rc7 39. Rec1 Rg6 40. Qf5 Qg5 41. Qxg5 Rxg5 42. b5 c5 43. bxa6 bxa6 44. Rb6 Rg6 45. Rcb1 Rgc6 46. a5 Rxb6 47. Rxb6 Ra7 48. Rc6 Rb7 49. Rb6 Ra7 50. Kg1 g6 51. Kf2 Kh6 52. Ke2 Kg7 53. Kd2 g5 54. Kc2 Kf7 55. Rc6 1-0

[Event "Olympiad Women 2024"]
[Site "Budapest HUN"]
[Date "2024.09.20"]
[Round "9.67"]
[Board "1"]
[White "Lyons, Kieran"]
[Black "Ahmed, Najla"]
[Result "1-0"]
[WhiteElo "1818"]
[BlackElo "1539"]
[PlyCount "79"]
[EventDate "2024.09.11"]
[WhiteTeam "Fiji"]
[BlackTeam "Bahrain"]
[WhiteTeamCountry "FIJ"]
[BlackTeamCountry "BHN"]

1. e4 e6 2. Nc3 d5 3. Nf3 d4 4. Ne2 c5 5. c3 e5 6. Nxe5 Qe7 7. cxd4 cxd4 8. Qa4+ Nd7 9. Nxd7 Bxd7 10. Qxd4 Bc6 $146 ({RR} 10... Nf6 11. Nc3 a6 12. Be2 Bc6 13. Bf3 g6 14. O-O Bg7 15. Qe3 O-O 16. d4 Rfe8 17. e5 Qc7 18. Qf4 Nd7 19. Be3 Nb6 20. Rac1 Rad8 21. b3 Qe7 22. Qg3 Rc8 23. Bxc6 Rxc6 24. Ne4 Rec8 25. Rxc6 {1-0 Tonoli,W (2166)-Verspecht,T (2146) BEL-chT2 0304 2003 (3)}) 11. Nc3 Nf6 12. Bb5 Bxb5 13. Nxb5 Nxe4 14. O-O Nc5 15. Qc3 Kd8 16. d4 Na4 17. Qa5+ Nb6 18. a3 Kd7 19. Bf4 Qf6 20. Be5 Qh6 21. Rac1 Be7 22. Rc7+ Ke8 23. Rxb7 Kf8 24. Rxa7 Rxa7 25. Qxa7 Qe6 26. Qb8+ Nc8 27. Rc1 f6 28. Qxc8+ Kf7 29. Qxh8 fxe5 30. Qxh7 Qb3 31. Qf5+ Ke8 32. Rc8+ Bd8 33. Nd6+ Ke7 34. Qxe5+ Kd7 35. Qxg7+ Be7 36. Rc7+ Kxc7 37. Qxe7+ Kc6 38. Qb7+ Qxb7 39. Nxb7 Kxb7 40. h4 1-0

[Event "Olympiad Women 2024"]
[Site "Budapest HUN"]
[Date "2024.09.20"]
[Round "9.67"]
[Board "2"]
[White "Almusawi, Maram"]
[Black "Terubea, Cydel"]
[Result "0-1"]
[WhiteElo "1510"]
[BlackElo "1681"]
[PlyCount "66"]
[EventDate "2024.09.11"]
[WhiteTeam "Bahrain"]
[BlackTeam "Fiji"]
[WhiteTeamCountry "BHN"]
[BlackTeamCountry "FIJ"]

1. d4 d5 2. c4 e6 3. Nc3 Nf6 4. Bg5 Nbd7 5. e3 c6 6. cxd5 exd5 7. Nf3 Qa5 8. Nd2 Bb4 9. Qc2 a6 ({RR} 9... Ne4 10. Ndxe4 dxe4 11. Bh4 Nb6 12. Be2 Nd5 13. O-O Bxc3 14. bxc3 Nxc3 15. Bc4 O-O 16. Rfc1 Nb5 17. a4 Nd6 18. Be7 Nxc4 19. Bxf8 Be6 20. Bc5 b6 21. Qxe4 bxc5 22. Qxc6 Qd8 23. Qb5 a6 24. Qxc5 {0-1 Hracek,Z (2510)-Handoko,E (2490) Jakarta 1994 (8)}) ({RR} 9... h6 10. Bh4 O-O 11. Bd3 c5 12. Nb3 Qd8 13. dxc5 Nxc5 14. Nxc5 Bxc5 15. O-O Be6 16. Rfd1 Rc8 17. Rac1 Qe7 18. Qa4 Rfd8 19. Be2 g5 20. Bg3 Bb6 21. Nb5 Ne4 22. Rxc8 Rxc8 23. Nd4 Nxg3 24. hxg3 {1-0 Sieciechowicz,M (2403)-Brozyna,M (2259) ch-Malopolska 2024 (6.2)}) 10. a3 Bd6 $146 ({RR} 10... Be7 11. Be2 h6 12. Bf4 O-O 13. O-O Re8 14. Nb3 Qd8 15. Na4 Nf8 16. Rac1 Bd6 17. Bxd6 Qxd6 18. Nac5 Rb8 19. Nd3 Ng6 20. a4 Ng4 21. Bxg4 Bxg4 22. a5 Rbd8 23. Nbc5 Re7 24. Qb3 Bc8 25. Qc3 {0-1 Paulicka,I (1823)-Vinarcik,J (1948) SVK-ch Seniors-A 2011 (8)}) 11. Bd3 c5 12. O-O Qc7 13. Nf3 h6 14. Bh4 O-O 15. Rac1 c4 16. Be2 b5 17. Rfe1 Bb7 18. Bg3 Rfe8 19. b3 Bxg3 20. hxg3 Re7 21. Nh2 Rae8 22. Ng4 Nxg4 23. Bxg4 Nf6 24. Bf3 Qd6 25. Qb2 Bc8 26. bxc4 dxc4 27. Rcd1 Bg4 28. Bxg4 Nxg4 29. Ne2 g5 30. Qc2 Re4 31. Nc3 Rxe3 32. fxe3 Qxg3 33. Qd2 Qh2+ 0-1

[Event "Olympiad Women 2024"]
[Site "Budapest HUN"]
[Date "2024.09.20"]
[Round "9.67"]
[Board "3"]
[White "Prasad, Tanvi"]
[Black "Sharaf, Hawra"]
[Result "1/2-1/2"]
[WhiteElo "1564"]
[BlackElo "1595"]
[PlyCount "60"]
[EventDate "2024.09.11"]
[WhiteTeam "Fiji"]
[BlackTeam "Bahrain"]
[WhiteTeamCountry "FIJ"]
[BlackTeamCountry "BHN"]

1. b3 e5 2. Bb2 Nc6 3. e3 Nf6 4. Nf3 e4 5. Ne5 Nxe5 6. Bxe5 b6 $146 ({RR} 6... d5 7. d4 exd3 8. cxd3 Bd6 9. Bb2 h5 10. Nd2 Rh6 11. a3 Qe7 12. Nf3 Bg4 13. Be2 O-O-O 14. b4 Bxf3 15. Bxf3 g5 16. Qa4 g4 17. Be2 Kb8 18. O-O-O Nd7 19. Kb1 c5 20. b5 d4 21. e4 {½-½ Gonzalez Garcia,J (2529)-Pablo Marin,A (2392) Catalunya-chT 2012 (10.2)}) ({RR} 6... d6 7. Bb2 d5 8. c4 Be7 9. cxd5 Qxd5 10. Nc3 Qg5 11. Nb5 O-O 12. Nxc7 Bg4 13. Qb1 Rad8 14. Nb5 Rfe8 15. Nc7 Bb4 16. Bc1 Qa5 17. f3 Bxd2+ 18. Kf2 Qxc7 {0-1 Saraci,N (2468)-Cheparinov,I (2688) World Blitz 2022 (4.27)}) ({RR} 6... d5 7. d4 Nd7 8. Bg3 c6 9. f3 Nf6 10. Be2 exf3 11. Bxf3 Bd6 12. Bxd6 Qxd6 13. O-O O-O 14. c4 Re8 15. Qd2 Bf5 16. Nc3 Ne4 17. Bxe4 Bxe4 18. Rf4 Bg6 19. cxd5 cxd5 20. Raf1 Rac8 21. Nb5 {1-0 Manmay Chopra (2152)-Glek,I (2394) Titled Tue 20th Aug Early 2024 (8)}) ({RR} 6... d6 7. Bb2 Bf5 8. Be2 Qd7 9. c4 Be7 10. Nc3 c6 11. d4 O-O 12. d5 h6 13. Qd4 c5 14. Qd1 Rfe8 15. h3 Bg6 16. g4 Qd8 17. h4 Nd7 18. g5 hxg5 19. hxg5 Bxg5 20. Kd2 Ne5 21. Qg1 {0-1 Smokvina Korbar,R-Nikolin,Z (2040) YUG-ch34 (Women) 1981 (4)}) ({RR} 6... Be7 7. d4 d6 8. Bg3 O-O 9. Be2 a5 10. O-O c6 11. c4 Bf5 12. Nc3 Re8 13. a3 h6 14. b4 axb4 15. axb4 Qb6 16. Qb3 Bf8 17. Na4 Qd8 18. c5 Be6 19. Qb2 Nd5 20. b5 dxc5 21. Nxc5 {½-½ Gonzalez Rodriguez,J (2306)-Gomez Garrido,C (2560) Miquel Mas op 17th 2016 (2)}) 7. d3 Bb7 8. Nd2 d5 9. dxe4 Bd6 10. Bxd6 Qxd6 11. exd5 Bxd5 12. Nf3 O-O 13. Bd3 Qb4+ 14. Qd2 Qxd2+ 15. Kxd2 Rad8 16. Ke2 c5 17. Ne1 Rd6 18. f3 Bc6 19. Bf5 Rfd8 20. Nd3 g6 21. Bh3 Nd5 22. e4 Nb4 23. Nxb4 cxb4 24. Rhd1 Bb5+ 25. Ke1 Rxd1+ 26. Rxd1 Rxd1+ 27. Kxd1 a5 28. g3 Kg7 29. Kd2 h6 30. Ke3 Kf6 1/2-1/2

[Event "Olympiad Women 2024"]
[Site "Budapest HUN"]
[Date "2024.09.20"]
[Round "9.67"]
[Board "4"]
[White "Obaid, Sondos"]
[Black "Sukhu, Makayla"]
[Result "1-0"]
[WhiteElo "1457"]
[BlackElo "1521"]
[PlyCount "63"]
[EventDate "2024.09.11"]
[WhiteTeam "Bahrain"]
[BlackTeam "Fiji"]
[WhiteTeamCountry "BHN"]
[BlackTeamCountry "FIJ"]

1. d4 d5 2. Nf3 Nf6 3. Bf4 e6 4. e3 Nc6 5. Nbd2 Bd6 6. c3 O-O 7. Bd3 b6 $146 ({RR} 7... Qe7 8. Ne5 Nd7 9. Ndf3 f6 10. Nxc6 bxc6 11. Bg3 e5 12. Be2 Rb8 13. b4 Nb6 14. O-O Bg4 15. h3 Bxf3 16. Bxf3 e4 17. Be2 Bxg3 18. fxg3 Qd6 19. g4 Rf7 20. a4 Rbf8 21. a5 Nc8 22. Qd2 {1-0 Caruana,F (2776)-Dauner,B (2324) Titled Tuesday intern op 23rd Aug Late blitz 2022 (1)}) ({RR} 7... Re8 8. Ne5 Bxe5 9. dxe5 Nd7 10. Nf3 b6 11. Bxh7+ Kxh7 12. Ng5+ Kg6 13. Qd3+ f5 14. exf6+ Kxf6 15. h4 Nc5 16. Qc2 e5 17. h5 Bf5 18. Nh7+ Ke6 19. Qe2 exf4 20. O-O-O Bxh7 21. exf4+ Kf7 22. Qg4 {0-1 Zavortink,M (2135)-Martinez Ramirez,L (2426) Titled Tue 13th Jun Late 2023 (5)}) 8. Ne5 Bb7 9. Qf3 Nd7 10. Qh3 h6 11. Ndf3 Qe7 12. g4 f6 13. Ng6 Qf7 14. Nxf8 Rxf8 15. Bxd6 cxd6 16. Rf1 e5 17. dxe5 dxe5 18. Bf5 e4 19. Nd4 Nde5 20. Be6 Nf3+ 21. Kd1 Ng5 22. Bxf7+ Rxf7 23. Qg3 Nxd4 24. cxd4 Ba6 25. Rh1 Ne6 26. Rc1 Bc4 27. b3 Bd3 28. Kd2 Kh7 29. Qd6 Ng5 30. Qxd5 Nf3+ 31. Kd1 Ng5 32. h4 1-0

[Event "Olympiad Women 2024"]
[Site "Budapest HUN"]
[Date "2024.09.20"]
[Round "9.68"]
[Board "1"]
[White "Swaminathan, Laia"]
[Black "Lieketseng, Ngatane"]
[Result "1/2-1/2"]
[WhiteElo "1620"]
[BlackElo "1651"]
[PlyCount "127"]
[EventDate "2024.09.11"]
[WhiteTeam "Cayman Islands"]
[BlackTeam "Lesotho"]
[WhiteTeamCountry "CAY"]
[BlackTeamCountry "LES"]

1. d4 d5 2. c4 e6 3. Nf3 Nf6 4. Bg5 Be7 5. Nc3 c6 6. e3 Nbd7 7. cxd5 exd5 8. Bd3 O-O 9. O-O Nh5 10. Bxe7 Qxe7 11. a3 ({RR} 11. Qb1 Nhf6 12. b4 a6 13. a4 Re8 14. Nd2 Qd6 15. Re1 Nf8 16. b5 axb5 17. axb5 Rxa1 18. Qxa1 Ne6 19. Nf3 c5 20. dxc5 Nxc5 21. Bf1 Bg4 22. Nd4 Ne6 23. h3 Nxd4 24. exd4 Rxe1 25. Qxe1 Be6 {1-0 Cheparinov,I (2672)-Vitiugov,N (2737) Gibraltar Masters playoff 12th rapid 2014 (2.1)}) 11... f5 $146 ({RR} 11... g6 12. b4 a6 13. Rb1 Nb6 14. a4 Ng7 15. b5 axb5 16. axb5 c5 17. dxc5 Qxc5 18. Rc1 Qe7 19. Nd4 Ne6 20. Nce2 Nc5 21. Qc2 Nxd3 22. Qxd3 Be6 23. Nf4 Ra3 24. Qd1 Rfa8 25. h3 Qd6 26. Re1 {½-½ Amier,H (1807)-Ganzorig,G ASEAN-ch U12 14th 2013 (3)}) ({RR} 11... a5 12. Rb1 Nhf6 13. b4 Ne4 14. Qc2 f5 15. b5 Qxa3 16. bxc6 bxc6 17. Na4 Qd6 18. Nb6 Nxb6 19. Rxb6 Bd7 20. Ne5 Rac8 21. Bxe4 fxe4 22. Qa4 Be8 23. Qxa5 Rf6 24. Qa7 Qc7 25. Rb7 Qd6 26. Rxg7+ {1-0 Omarsson,A (1546)-Thorhallsson,T (2414) Reykjavik Blitz op 2022 (6)}) ({RR} 11... g6 12. b4 Nb6 13. b5 c5 14. a4 Be6 15. a5 Nd7 16. dxc5 Nxc5 17. Bb1 Rfd8 18. Ba2 Rac8 19. Qd4 Nf6 20. Rac1 Nce4 21. Nxe4 dxe4 22. Rxc8 Rxc8 23. Bxe6 Qxe6 24. Nd2 b6 25. axb6 axb6 26. Rd1 {½-½ Danilov,N-Krivonosov,O (2435) EST-chT Tallinn 1998 (6)}) 12. b4 a6 13. Qb3 b5 14. Nxd5 Qf7 15. Ne7+ Kh8 16. Qxf7 Rxf7 17. Nxf5 Nb6 18. Nd6 Rf6 19. Nxc8 Nxc8 20. Ne5 g6 21. Be2 Ng7 22. Bf3 Ne7 23. Rfc1 Rc8 24. Rc2 Ne6 25. Rac1 Nd8 26. d5 Rf5 27. Nxc6 Nexc6 28. dxc6 Rc7 29. Rd2 Rf8 30. Rd7 Ne6 31. Rxc7 Nxc7 32. Kf1 Rd8 33. Bg4 Kg7 34. Bd7 Kf6 35. e4 Rf8 36. Ke2 Ke5 37. Ke3 h6 38. Rc5+ Kd6 39. e5+ Ke7 40. f4 h5 41. Ke4 Rf7 42. Rc1 Kd8 43. e6 Rf6 44. f5 gxf5+ 45. Ke5 Ke7 46. Rf1 Nxe6 47. Bxe6 Rxe6+ 48. Kd5 Re3 49. Rc1 Kd8 50. c7+ Kc8 51. Rc6 Rxa3 52. Kc5 Ra2 53. Kb6 Rxg2 54. Rf6 Rg8 55. Kxa6 Kxc7 56. Kxb5 Rg2 57. Rxf5 Rxh2 58. Rf7+ Kd6 59. Rh7 h4 60. Kb6 h3 61. b5 Rh1 62. Kb7 h2 63. b6 Ke6 64. Kb8 1/2-1/2